Central Library OPAC University of Rajshahi

The central philosophy of Buddhism : (Record no. 32087)

MARC details
000 -LEADER
fixed length control field 00844nam a22002531 4500
001 - CONTROL NUMBER
control field 32087
003 - CONTROL NUMBER IDENTIFIER
rucl marc code BD-RjUL
005 - DATE AND TIME OF LATEST TRANSACTION
control field 20211209051803.0
008 - FIXED-LENGTH DATA ELEMENTS--GENERAL INFORMATION
fixed length control field 140423r19801960enk 001 0 eng d
020 ## - INTERNATIONAL STANDARD BOOK NUMBER
International Standard Book Number 0042941083
035 ## - SYSTEM CONTROL NUMBER
System control number CURL 020000259849(Edi) from nsc103
-- (BD-RjUL) 32176
040 ## - CATALOGING SOURCE
Original cataloging agency FGM
Modifying agency m.c
-- BD-RjUL
Language of cataloging eng
Transcribing agency BD-RjUL
041 ## - LANGUAGE CODE
Language code of text/sound track or separate title eng
082 ## - DEWEY DECIMAL CLASSIFICATION NUMBER
Classification number 294.3
Author mark and year MUC
100 1# - MAIN ENTRY--PERSONAL NAME
Personal name Murti, T. R. V.
Fuller form of name (Tirupattur Ramaseshayyar Venkatachala),
Dates associated with a name 1902-
9 (RLIN) 97670
245 14 - TITLE STATEMENT
Title The central philosophy of Buddhism :
Remainder of title a study of the Mādhyamika system /
Statement of responsibility, etc. Murti, T. R. V.
250 ## - EDITION STATEMENT
Edition statement 2nd ed.
260 ## - PUBLICATION, DISTRIBUTION, ETC. (IMPRINT)
Place of publication, distribution, etc. London :
Name of publisher, distributor, etc. George Allen and Unwin,
Date of publication, distribution, etc. c1960 [Reprinted 1980].
300 ## - PHYSICAL DESCRIPTION
Pagination xiii, 372 p ;
Size 19 cm.
504 ## - BIBLIOGRAPHY, ETC. NOTE
Bibliography, etc Includes index.
650 #0 - SUBJECT ADDED ENTRY--TOPICAL TERM
Topical term or geographic name as entry element Buddhist philosophy
9 (RLIN) 92837
Topical term or geographic name as entry element Mādhyamika (Buddhism)
9 (RLIN) 93346
942 ## - ADDED ENTRY ELEMENTS (KOHA)
Source of classification or shelving scheme Dewey Decimal Classification
Koha item type Books
Holdings
Lost status Source of classification or shelving scheme Damaged status Not for loan Collection code Permanent Location Current Location Shelving location Date acquired Source of acquisition Cost, normal purchase price Total Checkouts Full call number Date last seen Copy number Koha item type
  Dewey Decimal Classification   Not For Loan Non-fiction Central Library, University of Rajshahi Central Library, University of Rajshahi Reading Room 31/05/1968 Book Centre 15.75   294.3 MUC 1960 23/04/2014 C-1 Books
  Dewey Decimal Classification     Non-fiction Central Library, University of Rajshahi Central Library, University of Rajshahi   27/11/1983       294.3 MUC 1980 29/04/2014 C-3 Books
  Dewey Decimal Classification     Non-fiction Central Library, University of Rajshahi Central Library, University of Rajshahi   27/11/2003       294.3 MUC 1980 04/12/2016 C-2 Books